Realidad y reflexión (Registro nro. 34552)
[ vista simple ]
| 000 -CABECERA | |
|---|---|
| Longitud fija campo de control | 01022nai a22002057a 4500 |
| 003 - IDENTIFICADOR DELl NÚMERO DE CONTROL | |
| Identificador del número de control | OSt |
| 005 - FECHA Y HORA DE LA ÚLTIMA TRANSACCIÓN | |
| Fecha y hora de la última transacción | 20231215231324.0 |
| 008 - CÓDIGOS DE INFORMACIÓN DE LONGITUD FIJA | |
| Códigos de información de longitud fija | 161128b xxu||||| |||| 00| 0 eng d |
| 022 ## - NÚMERO INTERNACIONAL NORMALIZADO PARA PUBLICACIONES SERIADAS | |
| Número Internacional Normalizado para Publicaciones Seriadas | 1962-6510 |
| 040 ## - FUENTE DE LA CATALOGACIÓN | |
| Centro catalogador de origen | BMC |
| Centro transcriptor | BMC |
| 082 ## - NÚMERO DE LA CLASIFICACIÓN DECIMAL DEWEY | |
| Númeroo de clasificación | 306.3389 |
| 245 00 - MENCIÓN DE TÍTULO | |
| Título | Realidad y reflexión |
| Mención de responsabilidad, etc. | Mario Antonio Ruíz, rector y director general |
| 260 ## - PUBLICACIÓN, DISTRIBUCIÓN, ETC. (PIE DE IMPRENTA) | |
| Lugar de publicación, distribución, etc. | San Salvador, El Salvador |
| Nombre del editor, distribuidor, etc. | Universidad Francisco Gavidia |
| Fecha de publicación, distribución, etc. | 2012 |
| 300 ## - DESCRIPCIÓN FÍSICA | |
| Extensión | 111 p. |
| Dimensiones | 24 cm |
| 490 ## - MENCIÓN DE SERIE | |
| Mención de serie | Realidad y reflexión |
| Designación de volumen o secuencia | Año 12, No 34 |
| 505 ## - NOTA DE CONTENIDO CON FORMATO | |
| Nota de contenido con formato | Contiene: La educación superior, la realidad nacional y el desarrollo económico y social.- La diplomacia paralela en el conflicto armado salvadoreño.- Número de materias reprobadas como indicador de rendimiento.- Hacer educación en entornos desfavorecidos (cuatro perspectivas de estudios etnográficos).- Reflexiones sobre la elección de los magistrados a la Corte Suprema de Justicia<br/> |
| 650 24 - PUNTO DE ACCESO ADICIONAL DE MATERIA - TÉRMINO DE MATERIA | |
| 9 (RLIN) | 13187 |
| Término de materia o nombre geográfico como elemento inicial | Cultura y globalización |
| 700 1# - PUNTO DE ACCESO ADICIONAL - NOMBRE DE PERSONA | |
| 9 (RLIN) | 40783 |
| Nombre de persona | Ruiz, Mario Antonio |
| 942 ## - ENTRADA DE ELEMENTOS AGREGADOS (KOHA) | |
| Fuente de clasificaión o esquema | Dewey Decimal Classification |
| Koha [por defecto] tipo de item | 2- Prensa y Revistas |
| Parte de clasificación | prozim |
| Suprimido | Perdido | Fuente de clasificación o esquema | Estropeado | Restricciones de uso | No para préstamo | Código de colección | Localización permanente | Localización actual | Localización en estanter&íacute;as | Fecha adquisición | Fuente de adquisición | Número de inventario | Préstamos totales | Signatura completa | Código de barras | Fecha última consulta | Fecha del precio de reemplazo | Tipo de item de Koha |
|---|---|---|---|---|---|---|---|---|---|---|---|---|---|---|---|---|---|---|
| NULL | NULL | Dewey Decimal Classification | NULL | Prestable | NULL | NULL | Biblioteca Miguel de Cervantes - UNICAES | Biblioteca Miguel de Cervantes - UNICAES | Sala Principal | 30/10/2023 | Donación - Facultad de Ciencias y Humanidades | 001122 | RVAR- 001122 | 1052814 | 18/01/2025 | 18/01/2025 | 2- Prensa y Revistas |